000 00419nam a2200181Ia 4500
001 5079
005 20260306145842.0
008 260306t2007||||xx |||||||||||||| ||spa||
041 _aESP
082 _a332.678
_bR81
100 _aRomero Moreno, Gesvin
_eAUT
245 0 _aGestión de proyectos
260 _c2007
300 _a650 páginas :
_c22 cm.
650 _aGEN
654 _aCAN
942 _cLIB
_dJUS
_fJUS
_2ddc
_n
999 _c5079
_d5079